| 000 | 00568nam a2200193Ia 4500 | ||
|---|---|---|---|
| 008 | 190805s9999||||xx |||||||||||||| ||und|| | ||
| 020 |
_a9788126510887 _cRs. 759.00 |
||
| 082 | 0 | 4 |
_a530 _bR3121 V.1 |
| 100 | 1 | _aHalliday, David | |
| 245 | 1 | 0 |
_aPhysics- Vol-I / _cDavid Halliday, Rober Resnick and Kenneth S. Krane |
| 250 | _a5th ed. | ||
| 260 |
_aNew Delhi : _bWiley India Pvt. Ltd, _c2016 |
||
| 300 |
_aix, 1198 p. _b : ill. _c; 28 cm. |
||
| 650 | 0 | _aPhysics | |
| 700 | 1 | _aKrane, Kenneth S. | |
| 700 | 1 | _aResnick, Rober | |
| 942 | _cBK | ||
| 999 |
_c196 _d196 |
||